Những di tích thời đại đá ở Thái Nguyên
Sách gồm 4 chương giới thiệu Thái Nguyên "cái nôi" của người tiền sử Bắc Việt Nam, những di tích thời đại đá ở Thái Nguyên, các giai đoạn phát triển thời đại đá ở Thái Nguyên, mối quan hệ văn hóa và vài nét về đời sống của cu...
Kaydedildi:
| Yazar: | |
|---|---|
| Materyal Türü: | Kitap |
| Dil: | Undetermined |
| Baskı/Yayın Bilgisi: |
Thái Nguyên
Nxb. Đại học Thái Nguyên
2017
|
| Konular: | |
| Etiketler: |
Etiketle
Etiket eklenmemiş, İlk siz ekleyin!
|
| Thư viện lưu trữ: | Trung tâm Học liệu Trường Đại học Cần Thơ |
|---|
| LEADER | 01035nam a2200205Ia 4500 | ||
|---|---|---|---|
| 001 | CTU_228454 | ||
| 008 | 210402s9999 xx 000 0 und d | ||
| 082 | |a 959.714 | ||
| 082 | |b Th116 | ||
| 100 | |a Nguyễn, Đức Thắng | ||
| 245 | 0 | |a Những di tích thời đại đá ở Thái Nguyên | |
| 245 | 0 | |c Nguyễn Đức Thắng | |
| 260 | |a Thái Nguyên | ||
| 260 | |b Nxb. Đại học Thái Nguyên | ||
| 260 | |c 2017 | ||
| 520 | |a Sách gồm 4 chương giới thiệu Thái Nguyên "cái nôi" của người tiền sử Bắc Việt Nam, những di tích thời đại đá ở Thái Nguyên, các giai đoạn phát triển thời đại đá ở Thái Nguyên, mối quan hệ văn hóa và vài nét về đời sống của cư dân thời đại đá ở Thái Nguyên. | ||
| 650 | |a Việt Nam,Vietnam | ||
| 650 | |x Lịch sử,History | ||
| 910 | |b nthai | ||
| 980 | |a Trung tâm Học liệu Trường Đại học Cần Thơ | ||